Składy Drużyn w Move Fedration - Statystyki

Ogólne statystyki
  • Ten quiz został rozwiązany 44 razy
    42 od ostatniego zresetowania
  • Średni wynik to 21 z 48
Statystyki odpowiedzi
Hint Odpowiedź % Poprawnych
Team Boxdel Boxdel
86%
Team Natsu Natsu
86%
Team Tromba Tromba
74%
Team Bandura Bandura
69%
Team Boxdel Ulfik
69%
Team Boxdel Justek
66%
Team Boxdel Ostry
66%
Team Owca Owca
66%
Team Gola Wojtek Gola
66%
Team Boxdel Czvjnik
63%
Team Mona Monika Kociołek
63%
Team Blonsky Kacper Blonsky
60%
Team Owca Robur
60%
Team Owca Ponczek
57%
Team Bandura Dzinold
54%
Team Natsu Pietras
54%
Team Tromba Kuba Nowaczkiewicz
51%
Team Gola Medusa
51%
Team Natsu Wiśnia
51%
Team Boxdel Zwykły Kibic
51%
Team Tromba B.R.O
49%
Team Tromba Patec
49%
Team Tromba Poczciwy Krzychu
49%
Team Bandura Merghani
46%
Team Bandura Kaleson
43%
Team Bandura Mork
43%
Team Natsu Paulina Hornik
43%
Team Natsu Nikola
40%
Team Mona Patrycja Mołczanow
40%
Team Natsu Boski Oski
34%
Team Mona Czaro
34%
Team Blonsky Adrian Polak
31%
Team Gola Ferrari
31%
Team Gola Guzik
31%
Team Tromba Macias
31%
Team Gola Rafał Pasternak
26%
Team Owca Zakrzew
26%
Team Mona Kubatutu
23%
Team Mona Bartek Szydlik
20%
Team Owca Deja
20%
Team Blonsky Maciej Turski
20%
Team Blonsky Miejski Drwal
20%
Team Mona Róża
20%
Team Blonsky Czarek Czaruje
17%
Team Gola brak
14%
Team Bandura brak
14%
Team Owca Pawka
14%
Team Blonsky Anzor Azhiev
11%
Nie znaleziono quizów pasujących do podanych kryteriów
Rozkład punktacji
Procent ludzi z każdym wynikiem
Percentyl według liczby udzielonych odpowiedzi
Twoja historia wyników
Nie rozwiązałeś tego quizu od ostatniego zresetowania